Nguyễn Tri Phương Truyện ký

Spremljeno u:
Bibliografski detalji
Glavni autor: Nguyễn Tri Phương
Daljnji autori: Phan Trần Chúc (tuyển chọn truyện lịch sử), Lê Quế (tuyển chọn truyện lịch sử)
Format: Knjiga
Jezik:Vietnamese
Izdano: H. Văn hóa thông tin 2001
Serija:Trung tâm Unesco Thông tin tư liệu lịch sử và Văn hóa Việt Nam
Teme:
Oznake: Dodaj oznaku
Bez oznaka, Budi prvi tko označuje ovaj zapis!
Thư viện lưu trữ: Mạng thư viện Đại học Đà Nẵng
LEADER 01342nam a2200373 4500
001 000005887
003 2040
005 20120416080417.0
008 110824s2001 viesd
020 |c 13500đ 
041 0 |a vie 
082 |a 895.9228  |b NG-P 
100 0 |a Nguyễn Tri Phương 
245 0 |a Nguyễn Tri Phương  |b Truyện ký  |c Phan Trần Chúc; Lê Quế tuyển chọn truyện lịch sử 
260 |a H.  |b Văn hóa thông tin  |c 2001 
300 |a 119 tr  |c 21 cm 
490 |a Trung tâm Unesco Thông tin tư liệu lịch sử và Văn hóa Việt Nam 
653 |a Văn học cận đại 
653 |a Việt Nam 
653 |a Lịch sử 
653 |a Truyện ký 
700 |a Phan Trần Chúc  |e tuyển chọn truyện lịch sử 
700 |a Lê Quế  |e tuyển chọn truyện lịch sử 
910 |a Nguyễn Thị Kim Oanh  |d 24/08/2011 
OWN |a LSP 
AVA |a UDN50  |b LSP  |d 895.9228 NG-P  |e available  |t Error 5001 Not defined in file expand_doc_bib_avail.  |f 5  |g 0  |h N  |i 0  |k 1 
999 |a From the UDN01 
AVA |a UDN50  |b LSP  |d 895.9228 NG-P  |e available  |t Error 5001 Not defined in file expand_doc_bib_avail.  |f 5  |g 0  |h N  |i 0  |k 1 
TYP |a Monograph 
TYP |a Printed language 
980 |a Mạng thư viện Đại học Đà Nẵng